000 00616nam a2200181 i 4500
001 141223
003 ES-MaACL
005 20230906200241.0
007 t|
008 070920s1980 sp ||||1| spa d
080 _a351.778.532(460)
100 1 _aVillar Ezcurra, José Luis.
_9115086
245 1 0 _aNuevas orientaciones en el régimen jurídico de protección a la vivienda /
_cJosé Luis Villar Ezcurra.
260 _a[Madrid :
_bs.n.,
_c1980] (
_fImp. Lualba)
300 _a152 p. ;
_c21 cm.
650 _aViviendas de protección oficial-
_xDerecho-
_zEspaña.
_9166015
852 _aES-MaACL
_jA-10900
_bR.100480
999 _c141223
_d141223